| 000 | 01030nam a2200229 i 4500 | ||
|---|---|---|---|
| 001 | 151990 | ||
| 003 | ES-MaACL | ||
| 005 | 20250813015836.0 | ||
| 008 | 931025s1877 it |||| | ita d | ||
| 100 | 1 |
_aBerni, Francesco. _928336 |
|
| 245 | 1 | 0 |
_aOpere di Francesco Berni... / _c[introducción de Eugenio Camerini]. |
| 250 | _aNuova ed. riv. e corr., 3ª ed. stereotipa. | ||
| 260 |
_aMilano : _bEdoardo Sonzogno, _c1877. |
||
| 300 |
_a431 p. ; _c19 cm. |
||
| 490 | 1 |
_aBiblioteca Classica Economica ; _v8 |
|
| 505 | 8 | _aContiene: Il dialogo dei poeti ; Le rime ; Le poesie latine, precedida de un estudio del prof. Stefano Grosso ; Le lettere edite ed. inedite ; L' opusculo del Vergerio sul protestantismo del Berni e una giunta di poesia burlesche del Mauro, del Molza, del Burchiello e d'Alti ottimi autori | |
| 596 | _aFecha de cubierta: 1882. | ||
| 700 | 0 |
_aCamerini, Eugenio. _934055 |
|
| 830 | 0 | 0 |
_aBiblioteca classica economica _v8 _9182054 |
| 852 |
_aES-MaACL _jG-10401 _z-- Enc. hol. |
||
| 999 |
_c151990 _d151990 |
||